| 000 | 01138cam a2200301 a 4500 | ||
|---|---|---|---|
| 001 | 2617239 | ||
| 003 | NUST - PNEC | ||
| 005 | 20170116181045.0 | ||
| 008 | 981014s1999 wiua b 001 0 eng | ||
| 010 | _a 98043101 | ||
| 020 | _a0873894456 | ||
| 040 |
_aDLC _cLIBRARY _dDLC |
||
| 050 | 0 | 0 |
_aHF5415.157 _b.S62 1999 |
| 082 | 0 | 0 | _a658.562 SIL |
| 100 | 1 |
_aSilverman, Lori L., _d1958- |
|
| 245 | 1 | 0 |
_aCritical shift : _bthe future of quality in organizational performance / _cLori L. Silverman with Annabeth L. Propst. |
| 260 |
_aMilwaukee, Wis. : _bASQ Quality Press, _cc1999. |
||
| 300 |
_axxvi, 294 p. : _bill. ; _c24 cm. |
||
| 504 | _aIncludes bibliographical references (p. 265-280) and index. | ||
| 650 | 0 |
_aQuality of products _xMIS |
|
| 650 | 0 |
_aQuality assurance _xManagement. |
|
| 650 | 0 | _aOrganizational effectiveness. | |
| 700 | 1 |
_aPropst, Annabeth L., _d1950- |
|
| 856 | 7 |
_3Table of Contents _uhttp://lcweb.loc.gov/catdir/toc/98043101.html _2http |
|
| 906 |
_a7 _bcbc _corignew _d1 _eocip _f19 _gy-gencatlg |
||
| 942 |
_2ddc _cBK |
||
| 999 |
_c68214 _d68214 |
||